Bułgarskie miasta nad Morzem Czarnym z mapą - Statystyki

Ogólne statystyki
  • Ten quiz został rozwiązany 33 razy
  • Średni wynik to 4 z 17
Odpowiedzi na mapie
Odpowiedzi zakodowano w zielono-czerwonej skali na mapie do tego quizu, zgodnie z poniższymi procentami.
 
Statystyki odpowiedzi
Populacja Polska nazwa % Poprawnych
348 712 Warna
97%
210 282 Burgas
94%
13 710 Nesebar
47%
12 726 Bałczik
22%
11 832 Kawarna
16%
14 003 Pomorie
16%
3546 Primorsko
16%
5236 Sozopol
16%
2109 Achełoj
13%
1436 Achtopol
13%
2263 Bjała
13%
6268 Carewo
13%
2480 Obzor
13%
4092 Sweti Włas
13%
1131 Kiten
9%
3488 Szabła
9%
2186 Czernomorec
6%
Nie znaleziono quizów pasujących do podanych kryteriów
Rozkład punktacji
Procent ludzi z każdym wynikiem
Percentyl według liczby udzielonych odpowiedzi
Twoja historia wyników
Nie rozwiązałeś tego quizu